Statystyki dla USA - nazwy stanów

Kliknij tutaj aby rozwiązać quiz!

Ogólne statystyki

  • Ten quiz został rozwiązany 15,342 razy
  • Średni wynik to 22 z 50

Statystyki odpowiedzi

Hint Answer % Correct
TXTeksas
84%
NYNowy Jork
82%
CAKalifornia
80%
WAWaszyngton
80%
AKAlaska
77%
FLFloryda
75%
ALAlabama
68%
AZArizona
66%
OHOhio
64%
NVNevada
61%
OKOklahoma
59%
UTUtah
57%
NCKarolina Północna
57%
SCKarolina Południowa
56%
NMNowy Meksyk
55%
INIndiana
51%
HIHawaje
51%
ILIllinois
49%
IDIdaho
48%
NDDakota Północna
46%
SDDakota Południowa
46%
KSKansas
46%
ARArkansas
44%
COKolorado
44%
NJNew Jersey
44%
OROregon
40%
WYWyoming
40%
MTMontana
38%
KYKentucky
36%
MSMissisipi
35%
MNMinnesota
35%
VAWirginia
35%
GAGeorgia
33%
NENebraska
30%
PAPensylwania
30%
MOMissouri
29%
IAIowa
29%
WIWisconsin
28%
LALuizjana
26%
MIMichigan
25%
TNTennessee
24%
MEMaine
22%
CTConnecticut
22%
RIRhode Island
20%
NHNew Hampshire
20%
WVWirginia Zachodnia
20%
DEDelaware
19%
VTVermont
19%
MAMassachusetts
18%
MDMaryland
17%

Rozkład punktacji

Percentyl według liczby udzielonych odpowiedzi

Procent ludzi z każdym wynikiem

Twoja historia wyników

Nie rozwiązałeś tego quizu